| 000 | 00658nam a2200241Ia 4500 | ||
|---|---|---|---|
| 003 | OSt | ||
| 005 | 20220918202505.0 | ||
| 006 | a|||||r|||| 00| 0 | ||
| 007 | ta | ||
| 008 | 220917b |||||||| |||| 00| 0 eng d | ||
| 024 | _a101,641 | ||
| 037 | _cTextual | ||
| 040 |
_aARTS _cARTS _beng |
||
| 041 |
_2eng _aeng |
||
| 082 | _aV236, K01-;1 | ||
| 100 |
_aNarang K S _9104022 |
||
| 245 | 0 | _aHistory of the Punjab, 1526-1857 | |
| 260 |
_aDelhi _bUttar Chand Kapur India _c1960 |
||
| 650 |
_aPUNJAB - HISTORY _926818 |
||
| 700 |
_a Gupta H R _9101732 |
||
| 942 |
_hV236, K01-;1 _cTEXL _2CC |
||
| 999 |
_c225108 _d225108 |
||